Statistics for NBA Players from New Mexico

Click here to take the quiz!

General Stats

  • This quiz has been taken 2 times
  • The average score is 4 of 18

Answer Stats

PositionPlayerDraft Year% Correct
CLuc Longley1991
100%
SGCharles Cornelius Smith1997
50%
GFDanny Granger2005
50%
FKenny Thomas1999
50%
SGMichael Cooper1978
50%
SGRickey Williams1978
50%
GTony Snell2013
50%
CAlex Kirk2014
0%
SGBilly Reid1979
0%
FCameron Bairstow2014
0%
CDaniel Santiago1998
0%
GFDarington Hobson2010
0%
FDon Ford1975
0%
PFDrew Gordon2012
0%
PFGreg Howard1970
0%
FCJerome Henderson1981
0%
GFJ.R. Giddens2008
0%
CMel Daniels1967
0%

Score Distribution

Percentile by Number Answered

Percent of People with Each Score

Your Score History

You have not taken this quiz